|
|
|
|
| LEADER |
00000nam0a2200000 4500 |
| 001 |
67584 |
| 005 |
20231031073650.0 |
| 010 |
|
|
|a 5020320641
|
| 035 |
|
|
|a (RuTPU)RU\TPU\book\71963
|
| 090 |
|
|
|a 67584
|
| 100 |
|
|
|a 20040917d2003 k y0rusy50 ca
|
| 101 |
0 |
|
|a rus
|
| 102 |
|
|
|a RU
|
| 105 |
|
|
|a y z 001zy
|
| 200 |
1 |
|
|a Элементы невыпуклой оптимизации
|f А. С. Стрекаловский
|g Институт динамики систем и теории управления
|
| 210 |
|
|
|a Новосибирск
|c Наука
|d 2003
|
| 215 |
|
|
|a 355 с.
|
| 320 |
|
|
|a Библиогр.: с. 336-355
|
| 610 |
1 |
|
|a оптимизация
|
| 610 |
1 |
|
|a математическое программирование
|
| 610 |
1 |
|
|a невыпуклые задачи
|
| 610 |
1 |
|
|a обратно-выпуклые задачи
|
| 610 |
1 |
|
|a выпуклые функции
|
| 610 |
1 |
|
|a максимальная клика
|
| 675 |
|
|
|a 519.85
|v 3
|
| 700 |
|
1 |
|a Стрекаловский
|b А. С.
|g Александр Сергеевич
|
| 712 |
0 |
2 |
|a Российская академия наук (РАН)
|b Сибирское отделение (СО)
|b Институт динамики систем и теории управления (ИДСТУ)
|c (Иркутск)
|2 stltpush
|3 (RuTPU)RU\TPU\col\564
|
| 801 |
|
1 |
|a RU
|b 63413507
|c 20040917
|g PSBO
|
| 801 |
|
2 |
|a RU
|b 63413507
|c 20080207
|g PSBO
|
| 942 |
|
|
|c BK
|